000
00207nam a2200085Ia 4500
008
120527s9999 xx 000 0 und d
100
_a
HERBERT,T.David.
245
_a
Cities in space city as place.
942
_c
BK
999
_c
23995
_d
23995